000 00453cam a22001934a 4500
005 20250605164317.0
008 250528s ||||||||||||||||||||||||d
035 _a22731
020 _a9780582334540
040 _aGR-AtMCL
_bgre
_dGR-AtMCL
_eAACR2
245 1 _aFIRST INSIGHTS INTO BUSINESS
250 _a1
260 _bLongman,
_c2000
300 _a175
700 1 _aRobbins Sue
_98370
942 _cBK
999 _c7776
_d7776